Selena Gomez Songs - Statistics

General Stats
  • This quiz has been taken 337 times
    156 since last reset
  • The average score is 37 of 128
Answer Stats
album song % Correct
Wolves featuring Marshmello Wolves
74%
back to you Back to You
72%
Bad Liar Bad Liar
72%
Rare Rare
72%
The Heart Wants What It Wants The Heart Wants What It Wants
68%
A Year Without Rain
67%
It Ain's Me Kygo It Ain't Me
67%
| Slow Down EP Slow Down
67%
Taki Taki with Cardi B and Dj Snake Taki Taki
67%
Fetish with Gucci Mane Fetish
65%
Lose you to Love Me
62%
Featuring A$ap Rocky Good For You
61%
When The Sun Goes Down Love You Like A Love Song
60%
Shake It Up Shake It Up
60%
Who Says
58%
Same Old Love
56%
Another Cinderella Story Tell Me Something i Don't Know
55%
Tell Me Something I Don't Know
55%
Naturally
54%
Revival Deluxe Revival
54%
Hands To Myself
52%
Come & Get It
51%
Stars Dance
50%
Nine Track Mind ( Charlie Puth) We Don't talk Anymore
47%
Kill Em With Kindness
46%
Look At Her Now
44%
When the Sun Goes Down
41%
Magic
40%
Everything Is Not What It Seems
39%
Ring
38%
with Rauw Alejandro Baila Conmigo
37%
True Colors ( Zedd) I Want You To Know
36%
Sober
36%
Stars Dance Birthday
35%
Dance Again
35%
Hit the Lights
35%
Kiss & Tell European Version Kiss & Tell
35%
Me & My Girls
34%
People You Know
34%
A Year Without Rain Internantional Standard Edition Round & Round
34%
Revelacion De Una Vez
33%
Falling Down
33%
Benny Blanco, J Balvin, Tainy and selena Gomez I Can't Get Enough
33%
featuring Kid Cudi A Sweeter Place
32%
Disney Channel Summer Rocks ft demi Lovato One and The Same
31%
with DJ Snake Selfish love
31%
Nobody
30%
with Trevor Daniel Past Life
30%
B.E.A.T
29%
with Camilo 999
28%
featuring 6lack Crowded Room
28%
Tinkerbell and The Lost Treasure Fly to Your Heart
28%
Love Will Remember
28%
More
28%
13 Reasons Why A Netflix Original Series Only You
28%
Vulnerable
28%
Kinda Crazy
27%
Like A Champion
27%
My Dilemma
26%
Camouflage
25%
Fun
25%
Undercover
25%
Body Heat
24%
Forget Forever
24%
More spanish version Mas
24%
Me & The Rhythm
24%
Perfect
24%
Do It
23%
Adios
22%
Survivors
22%
Bang Bang Bang
21%
Let Me Get Me
21%
Rock God
21%
Write Your Name
21%
Ghost Of You
20%
Live Like There's No Tomorrow
20%
Middle of Nowhere
20%
Rise
20%
Sick Of You
20%
As A Blonde
19%
Cologne
19%
Music Feels Better
19%
Off The Chain
19%
Save The Day
19%
9 ( Cashmere Cat) Trust Nobody
19%
Vicio
19%
Whiplash
19%
Spotlight
18%
Featuring Pixie Lott We Own the night
18%
Bidi Bidi Bom Bom
17%
With Myke Towers Damelo To
17%
Featuring Eric Bellinger Intuition
17%
The Way I Loved You
17%
I Got U
16%
I Won't Apologize
16%
Nobody Does It Like You
16%
Summer's Not Hot
16%
Crush
15%
Buscando Amor
14%
Outlaw
14%
Stop & Erase
14%
Wizards of Waverly Place Disappear
13%
I Don't Miss You At All
13%
That's More Like It
13%
Bang a Drum
12%
I Promise You
12%
Magical
12%
For You My Dilemma 2.0
10%
Soy El Mismo ( Prince Royce) Already Missing You
7%
Lover In Me
7%
I Like It That Way
5%
Outta My Hands ( Loco)
5%
Hotel Transylvania Zing Song
4%
Cut Off
2%
Dices ( Who Says spanish Version
2%
Kill Em With Kindness Accoustic
2%
Love Me Tomorrow
2%
Naturally - Dave Aude Radio Mix
2%
New Classic Accoustic
2%
New Classic Live
2%
Note to God
2%
Pure David Foster Love Affair Revisited One More Chance
2%
You Raise Me Up
2%
A Year Without Rain Dave Aude Remix
1%
Come & Get It Cosmic Dawn Club Remix
1%
Forget Forever St£fan Remix
1%
No matching quizzes found
Score Distribution
Percent of People with Each Score
Percentile by Number Answered
Your Score History
You have not taken this quiz since the last reset